News von 2019 - Nenne das Land - Statistiken

Allgemein
  • Dieses Quiz wurde 15.040 mal gespielt
  • Das Durchschnittsergebnis liegt bei 12 aus 20
Antwortstatistiken
Hinweis Antwort % Korrekt
Eine junge Klimaaktivistin dieses Landes erlangt internationale Aufmerksamkeit Schweden
92%
Die berühmteste Kathedrale dieses Landes wird von einem Feuer schwer beschädigt Frankreich
91%
Dieses Land verweigert die Annahme einer Spende über 20 Millionen US-Dollar, um die Brände im Regenwald zu bekämpfen Brasilien
87%
Der Schauspieler und Komiker Wolodymyr Selenskyj wird zum Präsidenten gewählt Ukraine
86%
Die Silbe "Nord" wird zum offiziellen Namen des Landes hinzugefügt Nordmazedonien
84%
Der Politiker Heinz-Christian Strache tritt aufgrund der "Ibiza-Affäre" zurück Österreich
84%
Es wird geschätzt, dass mehr als 1 Million Uiguren in Umerziehungslagern festgehalten werden China
82%
Das Besteigen des Uluru wird dauerhaft verboten Australien
79%
Kaiser Akihito dankt zugunsten seines Sohnes Naruhito ab Japan
76%
Dieses Land, von Viktor Orbán regiert, wird als erstes EU-Mitglied vom Freedom House's Index nur noch als "teilweise frei" eingestuft Ungarn
70%
Dieses Land gewinnt die Fußball-Weltmeisterschaft der Frauen zum 4. Mal. Im deutschsprachigen Raum erlangt vor allem Leitfigur Megan Rapinoe Aufmerksamkeit Vereinigte Staaten
62%
Die Überreste des früheren Diktators Francisco Franco werden exhumiert und an einen anderen Ort verlegt Spanien
60%
Die Konservativen (Tories) gewinnen im Unterhaus ihre größte Mehrheit eit mehr als 30 Jahren Vereinigtes Königreich
59%
Die Hauptstadt wird von 'Astana' zu 'Nur-Sultan' umbenannt Kasachstan
58%
Mehr als 25% der Bevölkerung lebt nun in extremer Armut als Folge der Politik von Nicolás Maduro und seinem Vorgänger Venezuela
55%
Ein islamfeindlicher Terrorist attackiert eine Moschee und tötet 51 Menschen Neuseeland
41%
Dieses asiatische Land wird zum ersten des Kontinents, das gleichgeschlechtliche Ehen akzeptiert. Taiwan
29%
Nach Unregelmäßigkeiten bei den Wahlen reicht Präsident Evo Morales seinen Rücktritt ein Bolivien
22%
Die Region Bougainville stimmt überwiegend für die Unabhängigkeit Papua-Neuguinea
10%
Nachdem die Fahrpreise erhöht wurden brennen viele Menschen aus Protest die Metro-Stationen ab Chile
8%
Keine übereinstimmenden Quizze gefunden
Verteilung der Resultate
Anzahl Personen mit jedem Resultat
Perzentil nach korrekt beantworteten Fragen
Ihre Resultats-Entwicklung
Sie haben dieses Quiz noch nicht gespielt